00524nam a2200121 a 450000100080000000500110000800800410001910000180006024500180007826000340009652002550013065300170038511137692009-07-14 1999 bl uuuu u0uu1 u #d1 aEMBRAPA ACRE. aEmbrapa Acre. aRio Branco, AC, (199-).c1999 aEmbrapa Acre; Missão; Visão; Objetivos; Nosso negócio; Nossa pesquisa; Nossa estrutura; Nossos parceiros; Nossos serviços; Publicações; Consultorias e assistência técnica; Análise de solos; Capacitação e treinamento; Informações On-line. aEmbrapa Acre